[Event "Ä13Ï"]
[Site "Loo"]
[Date "2017.04.26"]
[Round "7.29"]
[White "Ãóíüêî, Âàëåðèÿ."]
[Black "Ïîêàñîâà, Èðèíà."]
[Result "1/2-1/2"]
[WhiteElo "1371"]
[BlackElo "1298"]
[PlyCount "102"]
[EventDate "2017.04.20"]

1. d4 d5 2. Nf3 c6 3. g3 Nf6 4. Bg2 g6 5. O-O Bg7 6. Nbd2 O-O 7. c4 Bg4 8. cxd5
Nxd5 9. h3 Bxf3 10. Nxf3 Nd7 11. Bd2 Qb6 12. Bc3 e6 13. Rb1 Rac8 14. Qd3 c5 15.
dxc5 Nxc5 16. Qd2 Ne4 17. Qd1 Nexc3 18. bxc3 Qc7 19. Qd3 Nxc3 20. Rbc1 Qe7 21.
Qe3 b6 22. Rc2 Nd5 23. Qc1 Rxc2 24. Qxc2 Qa3 25. Qb3 Qxb3 26. axb3 Rc8 27. Ng5
Nc3 28. Re1 h6 29. Ne4 Nxe4 30. Bxe4 Kf8 31. Kf1 Ke7 32. Rd1 Rd8 33. Bd3 a5 34.
Ke1 Bc3+ 35. Kf1 Bb4 36. Rc1 Bc5 37. Ke1 Ra8 38. Ra1 Kd6 39. f3 Rc8 40. Rd1
Bb4+ 41. Kf1 Ke7 42. Bc4 Rd8 43. Bd3 Rd5 44. Rc1 Rc5 45. Rxc5 Bxc5 46. Bb5 Bb4
47. Kf2 Kd6 48. Be8 Ke7 49. Bc6 f6 50. e4 e5 51. Ke2 b5 1/2-1/2

[Event "Ä13Ï"]
[Site "Loo"]
[Date "2017.04.26"]
[Round "7.30"]
[White "Áîæåíîâà, Âåðîíèêà."]
[Black "Ìóñòàôèíà, Þëèàíà."]
[Result "0-1"]
[WhiteElo "1283"]
[BlackElo "1361"]
[PlyCount "128"]
[EventDate "2017.04.20"]

1. e4 e5 2. Nf3 Nc6 3. Bb5 a6 4. Ba4 Nf6 5. d3 d6 6. c3 Bd7 7. O-O g6 8. Nbd2
Bg7 9. Re1 O-O 10. Nf1 b5 11. Bb3 Re8 12. Ng3 Na5 13. Bc2 c5 14. h3 h6 15. Be3
Nc6 16. Qe2 Qe7 17. Rad1 d5 18. Nh2 d4 19. Bd2 c4 20. dxc4 bxc4 21. Qxc4 Na5
22. Qb4 Qxb4 23. cxb4 Nc6 24. Ba4 Reb8 25. a3 a5 26. Bxc6 Bxc6 27. Rc1 Bd7 28.
Nf3 Ne8 29. Rb1 Bb5 30. Rbc1 Nd6 31. bxa5 Nc4 32. b4 Nxa3 33. Ra1 Nc2 34. Rac1
Nxe1 35. Nxe1 h5 36. h4 Rc8 37. Nc2 Bd3 38. Na3 Rxc1+ 39. Bxc1 Rb8 40. b5 Bxb5
41. Nxb5 Rxb5 42. Bd2 Rb1+ 43. Nf1 Bf8 44. f4 Bb4 45. Bxb4 Rxb4 46. fxe5 Ra4
47. Nd2 Rxa5 48. Nb3 d3 49. Kf2 Rxe5 50. Ke3 Rb5 51. Nd4 Rb2 52. Kxd3 Rxg2 53.
Ke3 Rg4 54. Nf3 Kg7 55. e5 Kf8 56. Kd3 Ke7 57. Ke3 Ke6 58. Kd3 Rg3 59. Ke4 Rxf3
60. Kxf3 Kxe5 61. Kg3 Ke4 62. Kh3 Kf4 63. Kh2 Kg4 64. Kg2 Kxh4 0-1

[Event "Ä13Ï"]
[Site "Loo"]
[Date "2017.04.26"]
[Round "7.31"]
[White "Èâàíîâà, ßðîñëàâà."]
[Black "Ãóðîâà, Òàòüÿíà."]
[Result "1/2-1/2"]
[WhiteElo "1238"]
[BlackElo "1348"]
[PlyCount "83"]
[EventDate "2017.04.20"]

1. d4 d5 2. Nf3 Nf6 3. c4 c6 4. Nc3 a6 5. e3 b5 6. cxd5 cxd5 7. a3 Bf5 8. Be2
Nc6 9. O-O e6 10. b4 Bd6 11. Bb2 O-O 12. Qd2 Rc8 13. Rac1 Qd7 14. Rfd1 Rc7 15.
h3 Rfc8 16. Na2 Na7 17. Rxc7 Rxc7 18. Rc1 Qc8 19. Rxc7 Qxc7 20. Qc1 Nc8 21.
Qxc7 Bxc7 22. Nc3 Ne4 23. Nxe4 Bxe4 24. Kf1 Bxf3 25. Bxf3 Nd6 26. Ke2 Nc4 27.
Bc1 Kf8 28. g4 h6 29. Bg2 Ke7 30. Kd3 a5 31. bxa5 Bxa5 32. f3 Bc7 33. Kc2 Bd6
34. Kb3 Na5+ 35. Kc2 Nc4 36. Kb3 Na5+ 37. Kc2 b4 38. axb4 Bxb4 39. Bd2 Bxd2 40.
Kxd2 Nc4+ 41. Kd3 Nb2+ 42. Kc2 1/2-1/2

[Event "Ä13Ï"]
[Site "Loo"]
[Date "2017.04.26"]
[Round "7.32"]
[White "Àðåôüåâà, Îëüãà."]
[Black "Ìàòòåó, Ñîôèÿ."]
[Result "0-1"]
[WhiteElo "1212"]
[BlackElo "1346"]
[PlyCount "100"]
[EventDate "2017.04.20"]

1. e4 c5 2. c4 Nc6 3. Nc3 e6 4. g3 Nf6 5. Bg2 Be7 6. d3 O-O 7. Nge2 Qc7 8. O-O
a6 9. f4 d6 10. h3 Ne8 11. g4 f5 12. Ng3 Rb8 13. a4 Bf6 14. Bd2 Bd4+ 15. Kh1
Qe7 16. g5 Nc7 17. Nge2 Kh8 18. Nxd4 Nxd4 19. a5 Bd7 20. Ne2 e5 21. Nxd4 exd4
22. Rc1 Qd8 23. Rg1 g6 24. h4 b5 25. axb6 Rxb6 26. Rb1 Qb8 27. Bc1 a5 28. h5 a4
29. h6 a3 30. Qd2 axb2 31. Rxb2 Rxb2 32. Bxb2 Kg8 33. exf5 Bxf5 34. Be4 Bxe4+
35. dxe4 Qb7 36. Re1 Ne6 37. Kg1 Rxf4 38. e5 Rg4+ 39. Kh2 Rxg5 40. exd6 Rh5+
41. Kg3 Qd7 42. Qe2 Qxd6+ 43. Kg2 Nf4+ 44. Kf2 Nxe2 45. Kxe2 Re5+ 46. Kd2 Rxe1
47. Kxe1 Qh2 48. Ba3 Kf7 49. Bxc5 d3 50. Bb4 Qe2# 0-1

[Event "Ä13Ï"]
[Site "Loo"]
[Date "2017.04.26"]
[Round "7.34"]
[White "×àðêèíà, Ìàðèÿ."]
[Black "Ëóá÷åíêîâà, Àíàñòàñèÿ."]
[Result "1-0"]
[WhiteElo "1151"]
[BlackElo "1413"]
[PlyCount "117"]
[EventDate "2017.04.20"]

1. b4 e5 2. Bb2 d6 3. g3 Nf6 4. Bg2 Nc6 5. a3 g6 6. d3 a6 7. Nd2 Be6 8. e3 Bg7
9. Ne2 Qd7 10. h3 O-O 11. g4 h6 12. Ng3 Nh7 13. O-O f5 14. gxf5 Bxf5 15. Nxf5
Rxf5 16. Kh1 Raf8 17. Qg4 Qf7 18. c4 Kh8 19. f3 Rg5 20. Qh4 Qf5 21. Qe4 Nf6 22.
Qxf5 Rxf5 23. Rf2 Nd7 24. Raf1 h5 25. Kg1 Kh7 26. f4 exf4 27. Bxg7 Kxg7 28.
Rxf4 Rxf4 29. Rxf4 Rxf4 30. exf4 Kf6 31. Bxc6 bxc6 32. Kf2 Kf5 33. Kf3 Nf8 34.
Ne4 Ne6 35. Ng3+ Kf6 36. Ke4 c5 37. bxc5 Nxc5+ 38. Kd4 Ke6 39. Ne4 Nd7 40. c5
dxc5+ 41. Nxc5+ Nxc5 42. Kxc5 Kd7 43. d4 h4 44. d5 a5 45. a4 Kc8 46. Kb5 Kd7
47. Kxa5 c6 48. dxc6+ Kxc6 49. Ka6 Kc5 50. a5 Kc6 51. Ka7 Kc7 52. a6 Kc6 53.
Kb8 Kb6 54. a7 Ka6 55. a8=Q+ Kb5 56. Qe4 Ka6 57. Qb1 Ka5 58. Kc7 Ka6 59. Qb6#
1-0

[Event "Ä13Ï"]
[Site "Loo"]
[Date "2017.04.26"]
[Round "7.35"]
[White "Øïóíò, Åëåíà."]
[Black "Áî÷àðîâà, Äàðüÿ."]
[Result "0-1"]
[WhiteElo "1346"]
[BlackElo "1094"]
[PlyCount "94"]
[EventDate "2017.04.20"]

1. e4 e5 2. Nf3 d6 3. h3 Be7 4. Nc3 Nf6 5. Bc4 O-O 6. O-O c6 7. a3 d5 8. exd5
cxd5 9. Bb3 Nc6 10. Re1 e4 11. Nh2 Bf5 12. d3 exd3 13. cxd3 d4 14. Ne4 Re8 15.
Nxf6+ Bxf6 16. Rxe8+ Qxe8 17. Bf4 Be5 18. Bxe5 Nxe5 19. Bc2 Qb5 20. a4 Qa6 21.
Nf3 Nxd3 22. Qf1 g6 23. Ra3 Nxb2 24. Qxa6 bxa6 25. Bxf5 gxf5 26. Nxd4 f4 27. a5
Rc8 28. Rb3 Nc4 29. Rc3 Kf8 30. Nf5 Rc6 31. Nd4 Rc8 32. Nb3 Rc6 33. Kh2 Nxa5
34. Rf3 Nxb3 35. Rxb3 a5 36. Rb1 Kg7 37. Rb5 Ra6 38. Rb1 a4 39. Ra1 a3 40. f3
Kf6 41. Ra2 Ke5 42. Kg1 Kd4 43. Kf1 Kc3 44. Ke1 Kb3 45. Rd2 a2 46. Rd3+ Kc4 47.
Rd1 a1=Q 0-1

[Event "Ä13Ï"]
[Site "Loo"]
[Date "2017.04.26"]
[Round "7.36"]
[White "Âîëîáóåâà, Àíàñòàñèÿ."]
[Black "Êóëìàãàìáåòîâà, Àéøà."]
[Result "0-1"]
[WhiteElo "1137"]
[BlackElo "1289"]
[PlyCount "120"]
[EventDate "2017.04.20"]

1. e4 c5 2. Nf3 d6 3. d4 cxd4 4. Nxd4 Nf6 5. Nc3 g6 6. Be3 Bg7 7. Qd2 Bd7 8. f3
Nc6 9. g4 h6 10. h4 Qc7 11. Be2 a6 12. a3 Nxd4 13. Bxd4 Bc6 14. O-O-O O-O-O 15.
Qe3 Qd7 16. e5 dxe5 17. Bb6 Qe6 18. Bxd8 Rxd8 19. Rxd8+ Kxd8 20. Qb6+ Kc8 21.
Rd1 Nd7 22. Qe3 Kb8 23. Kb1 Kc7 24. f4 e4 25. Na2 Qf6 26. c3 a5 27. g5 Qf5 28.
Nc1 hxg5 29. hxg5 e5 30. Rf1 exf4 31. Qxf4+ Qxf4 32. Rxf4 Bd5 33. c4 Be5 34.
Rh4 Be6 35. Rxe4 Bf5 36. Bd3 Bxe4 37. Bxe4 Bf4 38. Nb3 b6 39. Bd5 Ne5 40. c5
Bxg5 41. cxb6+ Kxb6 42. Bg2 f5 43. Nd4 f4 44. Kc2 Bf6 45. b3 g5 46. Kd1 g4 47.
Ke2 f3+ 48. Bxf3 Nxf3 49. Nxf3 gxf3+ 50. Kxf3 Kc5 51. Ke3 Bb2 52. Kd3 Bxa3 53.
Kc2 Kb4 54. Kb1 Kxb3 55. Ka1 Bb4 56. Kb1 Bc3 57. Kc1 a4 58. Kb1 a3 59. Kc1 a2
60. Kd1 a1=Q+ 0-1

[Event "Ä13Ï"]
[Site "Loo"]
[Date "2017.04.26"]
[Round "7.38"]
[White "Øåâöîâà, Ñòåôàíèÿ."]
[Black "Êèðüÿíîâà, Åâãåíèÿ."]
[Result "1/2-1/2"]
[WhiteElo "1096"]
[BlackElo "1198"]
[PlyCount "139"]
[EventDate "2017.04.20"]

1. e4 c5 2. Nf3 Nc6 3. c3 g6 4. d4 cxd4 5. cxd4 Bg7 6. Nc3 d6 7. Be3 e6 8. Be2
Nge7 9. O-O O-O 10. Rc1 d5 11. e5 a6 12. Qd2 Nf5 13. Bg5 f6 14. exf6 Rxf6 15.
Bxf6 Qxf6 16. Na4 Bh6 17. Qc3 Bxc1 18. Rxc1 Bd7 19. Nc5 Qg7 20. Nxb7 Ncxd4 21.
Nxd4 Nxd4 22. Qd2 Qe5 23. Re1 Nxe2+ 24. Rxe2 Qc7 25. Na5 Rc8 26. Nb3 Ba4 27.
Nd4 Qc1+ 28. Qe1 Qxe1+ 29. Rxe1 e5 30. Nf3 e4 31. Nd4 Rc4 32. Ne2 Rc2 33. b3
Bb5 34. Nd4 Rxa2 35. Nxb5 axb5 36. h3 Rb2 37. Rd1 Rxb3 38. Rxd5 Rb1+ 39. Kh2 b4
40. Rd4 b3 41. Rxe4 b2 42. Rb4 Kf7 43. Kg3 Ke6 44. Kf3 Kd5 45. Ke2 Kc5 46. Rb7
Rg1 47. Rxb2 Rxg2 48. Kf3 Rg5 49. h4 Rh5 50. Kg4 Kd4 51. Re2 Rf5 52. Ra2 Ke4
53. Ra4+ Kd3 54. Rf4 Rxf4+ 55. Kxf4 Ke2 56. f3 Kf2 57. Kg4 h5+ 58. Kf4 Kg2 59.
Ke4 Kg3 60. f4 Kxh4 61. f5 gxf5+ 62. Kf4 Kh3 63. Kf3 Kh2 64. Kf2 h4 65. Kf1 h3
66. Kf2 f4 67. Kf1 f3 68. Kf2 Kh1 69. Kf1 h2 70. Kf2 1/2-1/2

[Event "Ä13Ï"]
[Site "Loo"]
[Date "2017.04.26"]
[Round "7.39"]
[White "Ñîêîëîâà, Åêàòåðèíà."]
[Black "Ïåõîòî, Àëåêñàíäðà."]
[Result "0-1"]
[WhiteElo "1125"]
[BlackElo "1101"]
[PlyCount "90"]
[EventDate "2017.04.20"]

1. d4 Nf6 2. Nf3 g6 3. Nc3 Bg7 4. e4 d6 5. Be2 O-O 6. O-O c5 7. dxc5 dxc5 8.
Be3 b6 9. Bd3 Nc6 10. Qe2 Nb4 11. Bc4 Bb7 12. a3 Nc6 13. Rad1 Qc7 14. Bd3 Ng4
15. Bd2 Nd4 16. g3 Nxe2+ 17. Bxe2 Bxc3 18. Bxc3 Bxe4 19. Be5 Nxe5 20. Nxe5 Qxe5
21. Bd3 Bxd3 22. Rxd3 Qxb2 23. Re3 e6 24. c4 Rad8 25. Re4 Qxa3 26. Re3 Qa6 27.
Re4 Rd4 28. Re3 Rfd8 29. Ree1 Qxc4 30. Rc1 Qd5 31. h3 Rd1 32. Rcxd1 Qxd1 33.
Rxd1 Rxd1+ 34. Kg2 c4 35. Kf3 c3 36. h4 c2 37. h5 c1=Q 38. hxg6 Qc6+ 39. Ke2
Qc2+ 40. Kf3 Rd3+ 41. Kg2 hxg6 42. g4 Qe2 43. g5 Rf3 44. Kh1 Rxf2 45. Kg1 Qe1#
0-1

[Event "Ì11Ï"]
[Site "Loo"]
[Date "2017.04.26"]
[Round "7.1"]
[White "Ä¸ìèíîâ, Èëüÿ."]
[Black "Õàðêåâè÷, Ñòåïàí."]
[Result "1-0"]
[WhiteElo "1554"]
[BlackElo "1807"]
[PlyCount "153"]
[EventDate "2017.04.20"]

1. e4 c6 2. Nc3 d5 3. Nf3 Bg4 4. h3 Bxf3 5. Qxf3 e6 6. exd5 cxd5 7. d4 Nc6 8.
Be3 Qb6 9. Bb5 Nf6 10. O-O Bb4 11. Qg3 Kf8 12. Bxc6 Qxc6 13. Bd2 Bxc3 14. Bxc3
Ne4 15. Bb4+ Kg8 16. Qf4 a5 17. Ba3 h6 18. c3 Rc8 19. Rac1 Qc7 20. Qe3 Nd6 21.
b3 b5 22. Qd3 Rb8 23. Rc2 Nf5 24. Rfc1 Qf4 25. Bb2 Nd6 26. Re1 g6 27. Re5 Kg7
28. Qd1 Qf6 29. Re3 Rhc8 30. Rf3 Qe7 31. Bc1 Ne4 32. Bf4 Rb6 33. Qc1 g5 34. Bh2
Rbc6 35. Qb2 b4 36. c4 dxc4 37. bxc4 Rxc4 38. Rxc4 Rxc4 39. d5+ f6 40. d6 Qd7
41. Be5 fxe5 42. Qxe5+ Kg8 43. Rf8+ Kxf8 44. Qh8+ Kf7 45. Qh7+ Kf6 46. Qxd7 Ke5
47. Qb5+ Rc5 48. Qe2 Rd5 49. f3 Kxd6 50. fxe4 Rc5 51. Qa6+ Ke5 52. Qb6 Rc1+ 53.
Kh2 Kxe4 54. Qxe6+ Kd3 55. Qd5+ Kc2 56. Qxa5 Rb1 57. Qc5+ Kd2 58. Qd6+ Kc2 59.
Qxh6 Rb2 60. Qa6 Kb1 61. Qc4 Ka1 62. Kg3 Kb1 63. Kf3 Ka1 64. g3 Rb1 65. h4 gxh4
66. gxh4 Rb2 67. h5 Rh2 68. Qxb4 Rxh5 69. a4 Rh3+ 70. Kg4 Rb3 71. Qe1+ Kb2 72.
a5 Ka3 73. Qg3 Rxg3+ 74. Kxg3 Kb4 75. a6 Kc5 76. a7 Kd4 77. a8=Q 1-0

[Event "Ì11Ï"]
[Site "Loo"]
[Date "2017.04.26"]
[Round "7.2"]
[White "×ûíäûãûð, Òàìåðëàí."]
[Black "ßóðîâ, Åãîð."]
[Result "0-1"]
[WhiteElo "1720"]
[BlackElo "1587"]
[PlyCount "146"]
[EventDate "2017.04.20"]

1. d4 d5 2. c4 e6 3. Nc3 Nf6 4. cxd5 exd5 5. Bg5 c6 6. Qc2 Bg4 7. e3 Bd6 8. Bd3
h6 9. Bh4 O-O 10. h3 Be6 11. Nge2 b6 12. O-O c5 13. Qd2 c4 14. Bc2 Be7 15. f3
Qd7 16. f4 Bf5 17. Bxf5 Qxf5 18. g4 Qd7 19. Bxf6 Bxf6 20. f5 Na6 21. Nf4 Nc7
22. b4 b5 23. a4 a6 24. Ra2 Qc6 25. Qg2 Rfd8 26. Rff2 Qb7 27. axb5 axb5 28.
Rxa8 Qxa8 29. Ra2 Qc6 30. Ra7 Qb6 31. Ra3 Bg5 32. Nfxd5 Nxd5 33. Nxd5 Qd6 34.
e4 Bf6 35. Qd2 Re8 36. Nxf6+ gxf6 37. Re3 Qf4 38. Qe1 Rd8 39. d5 Qe5 40. Qc3
Rc8 41. Kf1 Kf8 42. Ke1 Ra8 43. Qxe5 fxe5 44. Re2 Ke7 45. Rd2 Kd6 46. Kf2 Ra3
47. h4 Ra4 48. g5 hxg5 49. h5 Rxb4 50. h6 Ra4 51. h7 Ra8 52. Ke3 Rh8 53. Rh2 b4
54. Kd2 Kc5 55. Ke3 b3 56. Kd2 Kd4 57. d6 c3+ 58. Kc1 Kxe4 59. d7 Kxf5 60. Rh6
f6 61. d8=Q Rxd8 62. h8=Q Rxh8 63. Rxh8 g4 64. Rc8 g3 65. Rxc3 Kf4 66. Kd2 b2
67. Rb3 g2 68. Rxb2 g1=Q 69. Rb4+ e4 70. Ke2 Qe3+ 71. Kf1 Qd3+ 72. Kg1 Qd1+ 73.
Kf2 Qd2+ 0-1

[Event "Ì11Ï"]
[Site "Loo"]
[Date "2017.04.26"]
[Round "7.3"]
[White "Áàëàÿí, Ýäóàðä."]
[Black "Êóçüìèíûõ, Íèêèòà."]
[Result "0-1"]
[WhiteElo "1473"]
[BlackElo "1585"]
[PlyCount "134"]
[EventDate "2017.04.20"]

1. e4 e5 2. Nf3 Nc6 3. Bc4 Nf6 4. Qe2 Bc5 5. c3 O-O 6. O-O d6 7. Rd1 Bg4 8. h3
Bh5 9. a3 Kh8 10. d3 h6 11. Nbd2 a6 12. Nf1 b5 13. Ba2 Bg6 14. Ng3 Bb6 15. Nh4
d5 16. Qf3 d4 17. Nhf5 a5 18. b4 dxc3 19. bxa5 Nd4 20. Nxd4 Bxd4 21. Re1 c2 22.
Bd2 Bxa1 23. Rxa1 Qd4 24. Re1 Qb2 25. Bxh6 Qxa2 26. Bc1 Rfd8 27. h4 Qe6 28. h5
Bh7 29. h6 Bg6 30. Qe3 Ng4 31. hxg7+ Kxg7 32. Qg5 Rxd3 33. Nf5+ Kf8 34. Qxg4
Rd1 35. Rxd1 cxd1=Q+ 36. Qxd1 Bxf5 37. exf5 Qxf5 38. Bd2 Ke8 39. Bb4 Rd8 40.
Qc1 Qg6 41. Qe1 f6 42. Qc1 f5 43. Qe1 e4 44. Qe2 Rd3 45. f3 Qf6 46. fxe4 Qd4+
47. Kf1 Qxe4 48. Qxe4+ fxe4 49. Ke2 Kd7 50. Kf2 Rd5 51. Ke3 c5 52. Be1 Rd4 53.
g4 Ke6 54. Kf4 Kd5 55. g5 Rd1 56. Bf2 Rd3 57. Be1 Rxa3 58. g6 Ke6 59. Kxe4 b4
60. a6 Rxa6 61. Bh4 Ra7 62. Kd3 Kf5 63. Kc4 Kxg6 64. Bd8 Rb7 65. Kb3 c4+ 66.
Kb2 Kf5 67. Ba5 Ke4 0-1

[Event "Ì11Ï"]
[Site "Loo"]
[Date "2017.04.26"]
[Round "7.4"]
[White "Êè÷èí, Àëåêñàíäð."]
[Black "Ëåáçàê, ßðîñëàâ."]
[Result "0-1"]
[WhiteElo "1576"]
[BlackElo "1492"]
[PlyCount "78"]
[EventDate "2017.04.20"]

1. e4 c5 2. Nf3 e6 3. d4 cxd4 4. Nxd4 Nf6 5. Nc3 Nc6 6. Ndb5 d6 7. Bf4 e5 8.
Bg5 a6 9. Na3 b5 10. Nd5 Be7 11. Bxf6 Bxf6 12. c3 Bg5 13. Nc2 O-O 14. a4 bxa4
15. Rxa4 a5 16. Na3 Rb8 17. Bb5 Ne7 18. O-O Nxd5 19. Qxd5 Be6 20. Qd1 Bf4 21.
c4 f5 22. Qe1 Qg5 23. Nc2 Rf6 24. Rxa5 Rh6 25. g3 Qh5 26. h4 Qg4 27. Qd1 Qh3
28. Qf3 Rg6 29. exf5 Bxg3 30. fxg3 Rxg3+ 31. Qxg3 Qxg3+ 32. Kh1 Bxf5 33. Bc6
Qxh4+ 34. Kg1 Be4 35. Bxe4 Qxe4 36. Ne1 Rxb2 37. c5 Qg4+ 38. Kh1 Qh3+ 39. Kg1
Qh2# 0-1

[Event "Ì11Ï"]
[Site "Loo"]
[Date "2017.04.26"]
[Round "7.5"]
[White "Ãàãàðèíîâ, Àíäðåé."]
[Black "Êðèâîâ, Íèêèòà."]
[Result "0-1"]
[WhiteElo "1297"]
[BlackElo "1573"]
[PlyCount "74"]
[EventDate "2017.04.20"]

1. e4 c5 2. Nf3 g6 3. d4 cxd4 4. Nxd4 Nc6 5. Be3 Bg7 6. c3 Nf6 7. f3 d5 8. Nxc6
bxc6 9. exd5 cxd5 10. c4 O-O 11. Be2 Be6 12. O-O dxc4 13. Qxd8 Rfxd8 14. Na3
Nd5 15. Nxc4 Nxe3 16. Nxe3 Bxb2 17. Rad1 Bd4 18. Kf2 Bxa2 19. Rd2 Bb3 20. Rb1
Be6 21. Ba6 Bb6 22. Rxd8+ Rxd8 23. Ke2 Rd4 24. Rd1 Rxd1 25. Nxd1 Kg7 26. Nb2
Kf6 27. Nd3 Bb3 28. Nc1 Bd5 29. Nd3 e5 30. Kd2 e4 31. Nf4 Bc6 32. Be2 Ke5 33.
Nh3 exf3 34. gxf3 f6 35. f4+ Kf5 36. Kd1 Bg2 37. Bd3+ Kg4 0-1

[Event "Ì11Ï"]
[Site "Loo"]
[Date "2017.04.26"]
[Round "7.7"]
[White "Áóíèí, Ñåðàôèì."]
[Black "Îñèïåíêî, Èâàí."]
[Result "1/2-1/2"]
[WhiteElo "1502"]
[BlackElo "1390"]
[PlyCount "104"]
[EventDate "2017.04.20"]

1. Nf3 Nf6 2. g3 d5 3. d4 c6 4. Bg2 Bg4 5. O-O e6 6. Bf4 Nbd7 7. Nbd2 Be7 8.
Be5 Nxe5 9. Nxe5 Bf5 10. f3 O-O 11. c3 c5 12. e4 Bg6 13. Nxg6 hxg6 14. e5 Nh7
15. Qb3 Qb6 16. Qxb6 axb6 17. a3 Rfc8 18. Rac1 Nf8 19. f4 Nd7 20. Kf2 f5 21.
Nf3 Ra4 22. h4 Kf7 23. Rh1 Rh8 24. Ke3 b5 25. Bf1 c4 26. Be2 Raa8 27. Rh2 Rh7
28. Rg1 Nb6 29. g4 Rg8 30. gxf5 gxf5 31. Rgg2 g6 32. h5 Rhg7 33. Ne1 g5 34. h6
gxf4+ 35. Kxf4 Rxg2 36. Rxg2 Rxg2 37. Nxg2 Kg6 38. Bh5+ Kxh6 39. Bf7 Bg5+ 40.
Kf3 Bc1 41. Bxe6 Bxb2 42. Bxf5 Bxc3 43. e6 Nc8 44. Ke3 b4 45. axb4 Bxb4 46. Bh3
Ba3 47. Kd2 b5 48. Nf4 Ne7 49. Bg2 Bd6 50. Nxd5 b4 51. Nxe7 Bxe7 52. Bd5 Kg5
1/2-1/2

[Event "Ì11Ï"]
[Site "Loo"]
[Date "2017.04.26"]
[Round "7.8"]
[White "Æåëàíîâ, Ñåìåí."]
[Black "Ìèõàéëåíêî, Íèêèòà."]
[Result "1-0"]
[WhiteElo "1502"]
[BlackElo "1428"]
[PlyCount "39"]
[EventDate "2017.04.20"]

1. e4 e5 2. Nf3 Nc6 3. Bb5 Nf6 4. d3 Bc5 5. c3 O-O 6. Bxc6 bxc6 7. Nxe5 Re8 8.
Nf3 d5 9. e5 Nd7 10. d4 Bf8 11. O-O c5 12. Ng5 h6 13. Nxf7 Kxf7 14. Qf3+ Ke6
15. g4 g6 16. Qh3 Nb6 17. f4 Kf7 18. f5 Bg7 19. fxg6+ Kxg6 20. Qd3+ 1-0

[Event "Ì11Ï"]
[Site "Loo"]
[Date "2017.04.26"]
[Round "7.9"]
[White "Áîëäûðåâ, Ãëåá."]
[Black "Ãàëèåâ, Ýðíåñò."]
[Result "0-1"]
[WhiteElo "1500"]
[BlackElo "1324"]
[PlyCount "92"]
[EventDate "2017.04.20"]

1. e4 e6 2. d4 d5 3. exd5 exd5 4. Bd3 Nc6 5. c3 Bd6 6. Qf3 Nce7 7. Bg5 Be6 8.
Ne2 Qd7 9. h3 h6 10. Be3 Nf6 11. Nd2 c6 12. O-O-O Ng6 13. Bxg6 fxg6 14. Nf4 Bf7
15. g4 O-O-O 16. Nd3 Rde8 17. Nc5 Bxc5 18. dxc5 d4 19. Bxd4 Bd5 20. Qf4 Bxh1
21. Bxf6 gxf6 22. Nc4 Qc7 23. Nd6+ Kb8 24. Rxh1 Re6 25. Qc4 Qe7 26. Kd2 Rd8 27.
Kc1 Re1+ 28. Rxe1 Qxe1+ 29. Kc2 Qxf2+ 30. Kb3 Qd2 31. Qf7 Qd5+ 32. Qxd5 cxd5
33. Nf7 Rf8 34. Nd6 f5 35. Kc2 a6 36. Kd2 Kc7 37. gxf5 gxf5 38. Ke3 f4+ 39. Kf3
h5 40. b3 b6 41. b4 bxc5 42. bxc5 Kc6 43. h4 Kxc5 44. Nb7+ Kb6 45. Nd6 Kc6 46.
c4 Kxd6 0-1

[Event "Ì11Ï"]
[Site "Loo"]
[Date "2017.04.26"]
[Round "7.10"]
[White "Øóøóíîâ, Àëåêñåé."]
[Black "Êðîòîâ, Äàìèàí."]
[Result "1-0"]
[WhiteElo "1394"]
[BlackElo "1466"]
[PlyCount "119"]
[EventDate "2017.04.20"]

1. d4 Nf6 2. c4 c5 3. d5 e6 4. Nc3 exd5 5. cxd5 d6 6. e4 g6 7. Nf3 a6 8. a4 Bg7
9. Bd3 O-O 10. O-O Re8 11. h3 Nfd7 12. Bf4 Ne5 13. Nxe5 Bxe5 14. Bxe5 Rxe5 15.
f4 Re8 16. Re1 Qb6 17. Bc4 Qxb2 18. Qd3 Qb6 19. e5 Bf5 20. Qe2 f6 21. e6 Qb4
22. Rac1 Nd7 23. g4 Nb6 24. Na2 Bxg4 25. hxg4 Qxa4 26. Rc2 Nxc4 27. Rxc4 Qb3
28. Qc2 Qg3+ 29. Qg2 Qxe1+ 30. Kh2 b5 31. Rc1 Qa5 32. Nc3 Qc7 33. Ne4 Qe7 34.
g5 fxg5 35. fxg5 Rf8 36. Qb2 Qg7 37. Nf6+ Kh8 38. Kg3 h6 39. Rh1 h5 40. e7 Rfc8
41. Qe2 Qf7 42. Rf1 b4 43. Qe4 a5 44. Rf2 Ra7 45. e8=Q+ Rxe8 46. Nxe8 Re7 47.
Rxf7 Rxe4 48. Rf8+ Kh7 49. Nf6+ Kg7 50. Ra8 Re3+ 51. Kf4 Rh3 52. Ne8+ Kf7 53.
Nxd6+ Ke7 54. Nc4 Rd3 55. Ke5 b3 56. Rxa5 Rd4 57. Rxc5 Rd1 58. Rc7+ Kd8 59. Rb7
Re1+ 60. Kd6 1-0

[Event "Ì11Ï"]
[Site "Loo"]
[Date "2017.04.26"]
[Round "7.11"]
[White "Ðóäíûé, Èëüÿ."]
[Black "Ñìîëèí, Àëåêñàíäð."]
[Result "1-0"]
[WhiteElo "1465"]
[BlackElo "1361"]
[PlyCount "115"]
[EventDate "2017.04.20"]

1. d4 d5 2. c4 e6 3. e3 Nf6 4. Nf3 c5 5. Nc3 Nc6 6. cxd5 exd5 7. Be2 Bg4 8. O-O
cxd4 9. Nxd4 Bxe2 10. Ncxe2 Bc5 11. b3 O-O 12. Bb2 Rc8 13. Rc1 Bb6 14. Nf5 Qd7
15. Neg3 Bd8 16. Ba3 Be7 17. Rxc6 Bxa3 18. Rxf6 Qd8 19. Nh5 Kh8 20. Nfxg7 Bb2
21. Rf5 Bxg7 22. Nxg7 Kxg7 23. Qd4+ f6 24. Rxd5 Qe8 25. Qg4+ Kh8 26. Rd7 Rg8
27. Qf5 Rg6 28. g3 Rb8 29. Rfd1 a6 30. Qc5 Qe5 31. Qxe5 fxe5 32. Re7 Rg5 33.
Rdd7 Rh5 34. Rxb7 Rc8 35. Kg2 Rg8 36. Ra7 Rh6 37. Rxe5 Rg7 38. Re8+ Rg8 39.
Rxg8+ Kxg8 40. h4 Rc6 41. a4 Rc3 42. Rxa6 Rxb3 43. Ra7 Ra3 44. a5 h5 45. a6 Kf8
46. Kf3 Ke8 47. g4 hxg4+ 48. Kxg4 Ra4+ 49. f4 Ra5 50. h5 Kf8 51. h6 Kg8 52. h7+
Kh8 53. Ra8+ Kxh7 54. a7 Kg7 55. e4 Kf7 56. Rh8 Rxa7 57. Rh7+ Kg8 58. Rxa7 1-0

[Event "Ì11Ï"]
[Site "Loo"]
[Date "2017.04.26"]
[Round "7.12"]
[White "Ãðèùåíêî, Àðò¸ì."]
[Black "Ñåðåáðÿêîâ, Ñàââà."]
[Result "1-0"]
[WhiteElo "1384"]
[BlackElo "1432"]
[PlyCount "97"]
[EventDate "2017.04.20"]

1. e4 c5 2. Nf3 e6 3. d4 cxd4 4. Nxd4 a6 5. Bd3 Qc7 6. O-O Nf6 7. Qe2 d6 8. c4
Nbd7 9. f4 Be7 10. Nc3 b6 11. b3 Bb7 12. Bb2 Nc5 13. Bc2 Ncd7 14. Kh1 O-O 15.
Rae1 Rfd8 16. Nf3 e5 17. fxe5 dxe5 18. Nd5 Nxd5 19. exd5 f6 20. Nh4 Bb4 21. Rd1
Nf8 22. Qe4 Rac8 23. a3 Bd6 24. Qg4 Rb8 25. Rxf6 Qe7 26. Rff1 Bc8 27. Qe4 g6
28. Nf3 Nd7 29. Rde1 Re8 30. Qh4 Bxa3 31. Qxe7 Bxe7 32. Nxe5 Bb4 33. Re3 Nxe5
34. Bxe5 Rb7 35. Bd4 Rxe3 36. Bxe3 b5 37. h3 Re7 38. Rf3 bxc4 39. bxc4 Rc7 40.
Bb3 a5 41. d6 Bxd6 42. c5+ Kg7 43. Bd4+ Kh6 44. cxd6 Rd7 45. Bc5 Bb7 46. Re3
Kg5 47. Ba4 Rd8 48. d7 Bc8 49. Be7+ 1-0

[Event "Ì11Ï"]
[Site "Loo"]
[Date "2017.04.26"]
[Round "7.13"]
[White "Ñâèðèäîâ, Ìàêñèì."]
[Black "Òåòþåâ, Ñòåïàí."]
[Result "1-0"]
[WhiteElo "1377"]
[BlackElo "1395"]
[PlyCount "81"]
[EventDate "2017.04.20"]

1. e4 c5 2. Nf3 d6 3. d4 cxd4 4. Nxd4 Nf6 5. Nc3 a6 6. Be2 e6 7. O-O Be7 8. a4
O-O 9. f4 Nbd7 10. Bf3 Nc5 11. Be3 Qc7 12. Qd2 Bd7 13. b4 Rfd8 14. bxc5 dxc5
15. Nb3 Bb5 16. Qf2 Bxf1 17. Qxf1 c4 18. Nd2 Bc5 19. Qe2 Qa5 20. Ncb1 Qb6 21.
Nxc4 Bxe3+ 22. Qxe3 Qb4 23. Nbd2 b5 24. axb5 axb5 25. Rb1 Qa4 26. Nb6 Qxc2 27.
Nxa8 Rxd2 28. Re1 Ng4 29. Qb6 h6 30. Nc7 Qa2 31. Nxb5 Qc2 32. h3 Nf2 33. Nd4
Qd3 34. Ne2 Nxh3+ 35. Kh2 Nxf4 36. Qb8+ Kh7 37. Qxf4 Qd8 38. Bh5 e5 39. Qg3 g6
40. Bf3 Rd3 41. Ng1 1-0

[Event "Ì11Ï"]
[Site "Loo"]
[Date "2017.04.26"]
[Round "7.14"]
[White "Ïîíîìàð¸â, Àíäðåé."]
[Black "Øîâêàíü, Òàðàñ."]
[Result "1/2-1/2"]
[WhiteElo "1522"]
[BlackElo "1278"]
[PlyCount "102"]
[EventDate "2017.04.20"]

1. e4 e6 2. d4 d5 3. Nd2 Nf6 4. e5 Nfd7 5. Ngf3 a6 6. Be2 c5 7. c3 Nc6 8. Nb3
Be7 9. O-O O-O 10. Ne1 b5 11. Be3 cxd4 12. cxd4 f6 13. Rc1 Bb7 14. Bg4 f5 15.
Bf3 Rc8 16. Nd3 Qb6 17. Qd2 h6 18. Nf4 Nd8 19. Ng6 Re8 20. Bh5 Kh7 21. Nf4 Rf8
22. Bg6+ Kg8 23. Nh5 Nf7 24. Nf4 Ng5 25. Qa5 Rxc1 26. Rxc1 Rc8 27. Qxb6 Nxb6
28. h4 Ne4 29. Nxe6 Rxc1+ 30. Bxc1 Bc8 31. Nec5 Bxh4 32. g3 Be7 33. Nd3 Kf8 34.
Kg2 Bg5 35. f3 Bxc1 36. fxe4 Bg5 37. exf5 Nc4 38. g4 Ne3+ 39. Kf3 Ke7 40. e6
Nc4 41. Bf7 Ne3 42. Nf4 Bxf4 43. Kxf4 Nc4 44. g5 Nxb2 45. Kg4 Nd1 46. Kh5 Ne3
47. Kg6 hxg5 48. Kxg5 Nc4 49. Kg6 Nd6 50. Kxg7 Nxf5+ 51. Kg6 Nd6 1/2-1/2